000 00413nam a2200133Ia 4500
008 100328s9999 xx 000 0 und d
082 _b17544
100 _a---
245 _aमीनाकुमारी शायरी
260 _bशिक्षा भारती
630 _aमीनाकुमारी शायरी
730 _aमीनाकुमारी शायरी
942 _cBOOK
999 _c512105
_d512102